Loading...

Issues in Japan's China policy

Bibliographic Details
Main Author: Mendl,Wolf
Format: Printed Book
Language:English
Published: Delhi Mac Millan 1978
Subjects:
LEADER 00514nam a22001697a 4500
005 20160820112606.0
008 091021t xxu||||| |||| 00| 0 eng d
082 |a 327  |b MEN 
100 |a Mendl,Wolf  |9 4880 
245 |a Issues in Japan's China policy 
300 |a xiv,178p. 
653 |a Japan  |a China policy 
942 |c BK  |6 _ 
260 |a Delhi  |b Mac Millan   |c 1978 
020 |a 0333232534 
999 |c 172572  |d 172572 
952 |0 0  |1 0  |2 ddc  |4 0  |6 327_MEN  |7 0  |9 224019  |a DAE  |b DAE  |d 2009-10-21  |o 327 MEN  |p ECO01898  |r 2016-08-20  |w 2016-08-20  |y BK